00252nam a2200109Ia 4500008004100000041001200041082001100053100001700064245004900081260000600130650000600136221030s9999 xx 000 0 und d aEnglish a105.23 aM. C. Sharma 0aRelays & Their Applicationscby M. C. Sharma c0 aB